[Event "Scarborough CC Howard Ridout Swiss"]
[Site "Toronto CAN"]
[Date "2009.09.17"]
[Round "2"]
[White "Maister, Martin"]
[Black "Verde, Pino"]
[Result "0-1"]
[WhiteElo "1839"]
[BlackElo "1757"]
[PlyCount "78"]
[GameId "2160767910096772"]
[EventDate "2009.09.10"]
[EventType "swiss"]
[EventRounds "7"]
[EventCountry "CAN"]
[SourceTitle "EXT 2011"]
[Source "ChessBase"]
[SourceDate "2011.11.26"]
[SourceVersion "1"]
[SourceVersionDate "2011.11.26"]
[SourceQuality "1"]

1. c4 e5 2. Nc3 d6 3. g3 Be6 4. d3 Nf6 5. Bg2 c6 6. Nf3 h6 7. O-O Qc8 8. Re1 Bh3 9. Bh1 Nbd7 10. Bd2 Be7 11. b4 Nf8 12. b5 Ng6 13. bxc6 bxc6 14. Qa4 Bd7 15. Rab1 Nh7 16. Rec1 O-O 17. Ne1 Ng5 18. Bxg5 Bxg5 19. e3 c5 20. Qa5 Bd8 21. Qa3 Bc6 22. Nd5 f5 23. f4 exf4 24. exf4 Re8 25. Rc2 Kh8 26. Qc1 Ba5 27. Nc3 Bxh1 28. Kxh1 Qc6+ 29. Kg1 Re7 30. Ng2 Rae8 31. Qa3 Bb4 32. Qb2 Qf3 33. Nd5 Re2 34. Rxe2 Rxe2 35. Qxe2 Qxe2 36. Nxb4 cxb4 37. Rxb4 Qd1+ 38. Kf2 Qd2+ 39. Kf1 Qxb4 0-1

[Event "Scarborough CC Howard Ridout Swiss"]
[Site "Toronto CAN"]
[Date "2009.09.17"]
[Round "2"]
[White "Moffat, Andrei"]
[Black "Wu, Kevin"]
[Result "1-0"]
[WhiteElo "2210"]
[BlackElo "1954"]
[PlyCount "59"]
[GameId "2160767910096773"]
[EventDate "2009.09.10"]
[EventType "swiss"]
[EventRounds "7"]
[EventCountry "CAN"]
[SourceTitle "EXT 2011"]
[Source "ChessBase"]
[SourceDate "2011.11.26"]
[SourceVersion "1"]
[SourceVersionDate "2011.11.26"]
[SourceQuality "1"]

1. e4 c5 2. Nf3 d6 3. Nc3 Nf6 4. g3 g6 5. Bg2 Bg7 6. O-O Nc6 7. h3 O-O 8. d3 a6 9. Be3 e6 10. Qd2 Qa5 11. Bh6 Rb8 12. Bxg7 Kxg7 13. d4 b5 14. e5 dxe5 15. dxe5 Nd7 16. Qe3 Nb4 17. Rad1 Nxc2 18. Qe4 Nd4 19. Nxd4 cxd4 20. Qxd4 b4 21. Ne4 Qxe5 22. Qxe5+ Nxe5 23. Nd6 a5 24. f4 Ba6 25. fxe5 Bxf1 26. Bxf1 f6 27. exf6+ Kxf6 28. Ne4+ Ke5 29. Nc5 Rxf1+ 30. Kxf1 1-0

[Event "Scarborough CC Howard Ridout Swiss"]
[Site "Toronto CAN"]
[Date "2009.09.17"]
[Round "2"]
[White "Morra, Lui"]
[Black "Krupka, David"]
[Result "0-1"]
[WhiteElo "1612"]
[BlackElo "2144"]
[PlyCount "82"]
[GameId "2160767910096774"]
[EventDate "2009.09.10"]
[EventType "swiss"]
[EventRounds "7"]
[EventCountry "CAN"]
[SourceTitle "EXT 2011"]
[Source "ChessBase"]
[SourceDate "2011.11.26"]
[SourceVersion "1"]
[SourceVersionDate "2011.11.26"]
[SourceQuality "1"]

1. e4 c6 2. d4 d5 3. Nc3 dxe4 4. Nxe4 Nf6 5. Nxf6+ exf6 6. Nf3 Bd6 7. Be2 O-O 8. Be3 Na6 9. O-O Nc7 10. c4 Re8 11. Re1 Bg4 12. Qb3 Qd7 13. Red1 Qc8 14. d5 c5 15. Qc2 Qf5 16. Qd2 Re7 17. b4 b6 18. bxc5 bxc5 19. Bxc5 Rxe2 20. Qxe2 Bxf3 21. gxf3 Bxc5 22. d6 Ne6 23. d7 Rd8 24. Rd5 Qg6+ 25. Kh1 Bb6 26. c5 Bc7 27. Rg1 Qh6 28. Rg2 g6 29. c6 Qc1+ 30. Rd1 Qxc6 31. Qe3 Rxd7 32. Rc1 Qb6 33. Qh6 Qb2 34. Rcg1 Nf4 35. Rg4 Qe5 36. Rh4 f5 37. Qxh7+ Kf8 38. Qh6+ Qg7 39. Qg5 Ne6 40. Qe3 Qf6 41. Rb4 Bb6 0-1

[Event "Scarborough CC Howard Ridout Swiss"]
[Site "Toronto CAN"]
[Date "2009.09.17"]
[Round "2"]
[White "Moysoski, Randy"]
[Black "Lamb, Bryan"]
[Result "1-0"]
[WhiteElo "1894"]
[BlackElo "2232"]
[PlyCount "79"]
[GameId "2160767910096775"]
[EventDate "2009.09.10"]
[EventType "swiss"]
[EventRounds "7"]
[EventCountry "CAN"]
[SourceTitle "EXT 2011"]
[Source "ChessBase"]
[SourceDate "2011.11.26"]
[SourceVersion "1"]
[SourceVersionDate "2011.11.26"]
[SourceQuality "1"]

1. e4 c5 2. Nc3 Nc6 3. Bb5 g6 4. d3 Bg7 5. f4 d6 6. Nf3 e6 7. O-O Nge7 8. a3 O-O 9. Bxc6 Nxc6 10. Ng5 h6 11. Nh3 Nd4 12. Be3 f5 13. Qd2 Kh7 14. Rae1 e5 15. Nd1 fxe4 16. Bxd4 cxd4 17. Rxe4 Bxh3 18. gxh3 Qh4 19. Rf3 d5 20. Re2 exf4 21. Qe1 Qxe1+ 22. Rxe1 Rf7 23. Nf2 Rc8 24. Re2 g5 25. h4 Rfc7 26. hxg5 Rxc2 27. Re7 R8c7 28. Rxc7 Rxc7 29. gxh6 Bxh6 30. Ng4 Rf7 31. Rh3 Rc7 32. Rxh6+ Kg7 33. Rd6 Rc1+ 34. Kg2 Rc2+ 35. Kf3 Rxb2 36. Kxf4 Rb3 37. Rd7+ Kg6 38. a4 Rb4 39. Rd6+ Kg7 40. Kf5 1-0

[Event "Scarborough CC Howard Ridout Swiss"]
[Site "Toronto CAN"]
[Date "2009.09.17"]
[Round "2"]
[White "Peng, Bill"]
[Black "Marcille, Gord"]
[Result "1-0"]
[WhiteElo "2141"]
[BlackElo "1855"]
[PlyCount "22"]
[GameId "2160767910096776"]
[EventDate "2009.09.10"]
[EventType "swiss"]
[EventRounds "7"]
[EventCountry "CAN"]
[SourceTitle "EXT 2011"]
[Source "ChessBase"]
[SourceDate "2011.11.26"]
[SourceVersion "1"]
[SourceVersionDate "2011.11.26"]
[SourceQuality "1"]

1. e4 c5 2. c3 e5 3. Nf3 Nc6 4. Bc4 h6 5. O-O Nf6 6. d4 Qc7 7. dxe5 Nxe5 8. Nxe5 Qxe5 9. f4 Qxe4 10. Re1 Qxe1+ 11. Qxe1+ Be7 1-0

[Event "Scarborough CC Howard Ridout Swiss"]
[Site "Toronto CAN"]
[Date "2009.09.17"]
[Round "2"]
[White "Picana, Andrew"]
[Black "Yuan, Yuanling"]
[Result "0-1"]
[WhiteElo "2103"]
[BlackElo "2301"]
[PlyCount "112"]
[GameId "2160767910096777"]
[EventDate "2009.09.10"]
[EventType "swiss"]
[EventRounds "7"]
[EventCountry "CAN"]
[SourceTitle "EXT 2011"]
[Source "ChessBase"]
[SourceDate "2011.11.26"]
[SourceVersion "1"]
[SourceVersionDate "2011.11.26"]
[SourceQuality "1"]

1. c4 Nf6 2. Nc3 g6 3. Nf3 Bg7 4. g3 d6 5. Bg2 O-O 6. O-O Nc6 7. b3 e5 8. Bb2 Ne8 9. e3 f5 10. d4 Bd7 11. Nd5 Be6 12. h4 Kh8 13. Nxc7 Qxc7 14. d5 Bg8 15. dxc6 bxc6 16. Rc1 Rd8 17. Qc2 Bf6 18. Rfd1 Ng7 19. Rd2 Rd7 20. Rcd1 Rfd8 21. Bh3 h6 22. e4 Be6 23. Kh2 Rf7 24. h5 gxh5 25. exf5 Bc8 26. Qe4 d5 27. Qc2 d4 28. Qe4 c5 29. Nh4 Bxh4 30. Qxh4 Bxf5 31. Bg2 Bg4 32. Kg1 Bxd1 33. Rxd1 Rdf8 34. Rf1 Qa5 35. Qe4 Qxa2 36. Qc2 Qa6 37. Bd5 Rf6 38. Qe4 Rf5 39. Qc2 Qf6 40. Be4 Rg5 41. Bg2 h4 42. Bc1 Rg6 43. Qe4 Nf5 44. g4 Nd6 45. Qe2 Rfg8 46. g5 hxg5 47. Qh5+ Rh6 48. Qg4 Nf5 49. Be4 Ne7 50. Bc2 h3 51. f3 Rh4 52. Qd7 g4 53. f4 g3 54. fxe5 h2+ 55. Kg2 Qf2+ 56. Rxf2 h1=Q# 0-1

[Event "Scarborough CC Howard Ridout Swiss"]
[Site "Toronto CAN"]
[Date "2009.09.17"]
[Round "2"]
[White "Radpey, Abdolreza"]
[Black "Al Ganabi, Haqi"]
[Result "0-1"]
[WhiteElo "1488"]
[BlackElo "1882"]
[PlyCount "62"]
[GameId "2160767910096778"]
[EventDate "2009.09.10"]
[EventType "swiss"]
[EventRounds "7"]
[EventCountry "CAN"]
[SourceTitle "EXT 2011"]
[Source "ChessBase"]
[SourceDate "2011.11.26"]
[SourceVersion "1"]
[SourceVersionDate "2011.11.26"]
[SourceQuality "1"]

1. d4 Nf6 2. c4 e5 3. d5 Bc5 4. e3 O-O 5. Nc3 a6 6. Bd3 Re8 7. Qc2 d6 8. Nge2 h6 9. O-O c6 10. Ne4 Nxe4 11. Bxe4 Qd7 12. Ng3 g6 13. a3 f5 14. b4 Ba7 15. dxc6 bxc6 16. Bd3 Qf7 17. Bb2 Be6 18. c5 Bb3 19. Qc3 dxc5 20. bxc5 Nd7 21. Rac1 Nxc5 22. Bc4 Bxc4 23. Qxc4 Qxc4 24. Rxc4 f4 25. Ne2 fxe3 26. f3 Nd3 27. Bc3 Re6 28. Rd1 Nf2 29. Rd7 Rb8 30. Rxa7 Rb1+ 31. Be1 Rxe1# 0-1

[Event "Scarborough CC Howard Ridout Swiss"]
[Site "Toronto CAN"]
[Date "2009.09.17"]
[Round "2"]
[White "Rutherdale, William"]
[Black "Paterson, Jim"]
[Result "0-1"]
[WhiteElo "1741"]
[BlackElo "1839"]
[PlyCount "90"]
[GameId "2160767910096779"]
[EventDate "2009.09.10"]
[EventType "swiss"]
[EventRounds "7"]
[EventCountry "CAN"]
[SourceTitle "EXT 2011"]
[Source "ChessBase"]
[SourceDate "2011.11.26"]
[SourceVersion "1"]
[SourceVersionDate "2011.11.26"]
[SourceQuality "1"]

1. d4 e6 2. Nf3 c5 3. d5 exd5 4. Qxd5 Nf6 5. Qd1 Nc6 6. Bg5 h6 7. Bh4 Be7 8. e3 a6 9. Be2 d5 10. O-O O-O 11. c4 Be6 12. cxd5 Nxd5 13. Bxe7 Qxe7 14. a3 Rfd8 15. Qc2 Rac8 16. Nc3 b5 17. Rfd1 Nb6 18. Rac1 Na5 19. Rxd8+ Rxd8 20. Bf1 Bb3 21. Qe4 Re8 22. Bd3 Qxe4 23. Nxe4 c4 24. Bb1 Na4 25. Ned2 Nxb2 26. Nd4 Ba4 27. Bc2 Bxc2 28. Nxc2 Rd8 29. Nf3 Nb3 30. Rb1 Rd1+ 31. Rxd1 Nxd1 32. Kf1 Nc3 33. Ke1 Kf8 34. Nfd4 Nxd4 35. exd4 Ke7 36. Kd2 Nd5 37. Nb4 Nc7 38. Ke3 Kd6 39. Ke4 a5 40. Nc2 Nd5 41. g3 b4 42. axb4 axb4 43. f4 b3 44. Na3 Nc3+ 45. Ke3 Kd5 0-1

[Event "Scarborough CC Howard Ridout Swiss"]
[Site "Toronto CAN"]
[Date "2009.09.17"]
[Round "2"]
[White "Southam, David"]
[Black "Gillis, Doug"]
[Result "1/2-1/2"]
[WhiteElo "2146"]
[BlackElo "1680"]
[PlyCount "45"]
[GameId "2160767910096780"]
[EventDate "2009.09.10"]
[EventType "swiss"]
[EventRounds "7"]
[EventCountry "CAN"]
[SourceTitle "EXT 2011"]
[Source "ChessBase"]
[SourceDate "2011.11.26"]
[SourceVersion "1"]
[SourceVersionDate "2011.11.26"]
[SourceQuality "1"]

1. d4 e6 2. c4 Nf6 3. g3 Bb4+ 4. Bd2 Qe7 5. Bg2 O-O 6. Nf3 Nc6 7. O-O Bxd2 8. Nbxd2 d6 9. e4 e5 10. d5 Nb8 11. Ne1 Nbd7 12. b4 Re8 13. Nd3 a5 14. a3 Nf8 15. Qe2 Bg4 16. f3 Bd7 17. c5 axb4 18. axb4 Bb5 19. Nb3 N8d7 20. cxd6 Qxd6 21. Rfc1 Bxd3 22. Qxd3 Qxb4 23. Bf1 1/2-1/2

[Event "Scarborough CC Howard Ridout Swiss"]
[Site "Toronto CAN"]
[Date "2009.09.17"]
[Round "2"]
[White "Ward, Dean"]
[Black "Al Ganabi, Yasir"]
[Result "1-0"]
[WhiteElo "1800"]
[BlackElo "1400"]
[PlyCount "117"]
[GameId "2160767910096781"]
[EventDate "2009.09.10"]
[EventType "swiss"]
[EventRounds "7"]
[EventCountry "CAN"]
[SourceTitle "EXT 2011"]
[Source "ChessBase"]
[SourceDate "2011.11.26"]
[SourceVersion "1"]
[SourceVersionDate "2011.11.26"]
[SourceQuality "1"]

1. c4 e5 2. Nc3 Nc6 3. g3 Nf6 4. Bg2 Bb4 5. Nd5 d6 6. Nxb4 Nxb4 7. Qa4+ Nc6 8. Bxc6+ bxc6 9. Qxc6+ Bd7 10. Qb7 Qc8 11. Qxc8+ Bxc8 12. d3 O-O 13. e4 Rd8 14. Bg5 Ba6 15. Ne2 c5 16. Nc3 Bb7 17. O-O h6 18. Bxf6 gxf6 19. f4 Rab8 20. b3 Bc8 21. Nd5 Kg7 22. fxe5 fxe5 23. h4 Be6 24. Nc3 Rf8 25. Nb5 Bd7 26. Nxd6 f6 27. Nf5+ Bxf5 28. Rxf5 a5 29. Rb1 Rfd8 30. Rf3 Rb6 31. Kf2 Kg6 32. g4 h5 33. gxh5+ Kxh5 34. Rh3 Rg8 35. Rg1 Rxg1 36. Kxg1 Rb7 37. Kf2 Rg7 38. Rg3 Rg4 39. Rxg4 Kxg4 40. Ke2 Kxh4 41. Kd2 Kg4 42. a3 Kf3 43. b4 axb4 44. axb4 cxb4 45. c5 Kf4 46. c6 f5 47. exf5 Kxf5 48. c7 e4 49. c8=Q+ Ke5 50. Qe8+ Kd5 51. Qxe4+ Kc5 52. Qc4+ Kd6 53. Qxb4+ Ke6 54. d4 Kd5 55. Qc5+ Ke6 56. d5+ Kd7 57. d6 Kd8 58. Qc7+ Ke8 59. Qe7# 1-0

[Event "Scarborough CC Howard Ridout Swiss"]
[Site "Toronto CAN"]
[Date "2009.09.17"]
[Round "2"]
[White "Wiebe, Daniel"]
[Black "Mesiti, Silvano"]
[Result "0-1"]
[WhiteElo "1929"]
[BlackElo "1774"]
[PlyCount "36"]
[GameId "2160767910096782"]
[EventDate "2009.09.10"]
[EventType "swiss"]
[EventRounds "7"]
[EventCountry "CAN"]
[SourceTitle "EXT 2011"]
[Source "ChessBase"]
[SourceDate "2011.11.26"]
[SourceVersion "1"]
[SourceVersionDate "2011.11.26"]
[SourceQuality "1"]

1. e4 e5 2. Nf3 d6 3. d4 exd4 4. Nxd4 Bd7 5. Nc3 Nc6 6. Bb5 Be7 7. O-O Nf6 8. f4 O-O 9. Nd5 Nxd5 10. exd5 Nxd4 11. Bxd7 Nxc2 12. Bf5 Nxa1 13. Rf3 g6 14. Rh3 Bf6 15. Qa4 Qe7 16. Re3 Bd4 17. Qxd4 Nb3 18. axb3 Qd8 0-1

[Event "Scarborough CC Howard Ridout Swiss"]
[Site "Toronto CAN"]
[Date "2009.09.24"]
[Round "3"]
[White "Douglas, Richard"]
[Black "Morra, Lui"]
[Result "1-0"]
[WhiteElo "1859"]
[BlackElo "1612"]
[PlyCount "50"]
[GameId "2160767910096783"]
[EventDate "2009.09.10"]
[EventType "swiss"]
[EventRounds "7"]
[EventCountry "CAN"]
[SourceTitle "EXT 2011"]
[Source "ChessBase"]
[SourceDate "2011.11.26"]
[SourceVersion "1"]
[SourceVersionDate "2011.11.26"]
[SourceQuality "1"]

1. e4 c5 2. Nc3 Nc6 3. f4 d6 4. Nf3 Nf6 5. Bb5 a6 6. Bxc6+ bxc6 7. d3 Rb8 8. O-O e6 9. e5 Nd5 10. Ne4 dxe5 11. fxe5 h6 12. c4 Nc7 13. Ne1 Be7 14. Qh5 Rf8 15. Be3 Rxb2 16. Nxc5 a5 17. Nb3 Bg5 18. Bc5 Be7 19. Bxe7 Qxe7 20. d4 Qb4 21. Nd3 Qc3 22. Nxb2 Qxb2 23. Rf2 Qc3 24. Rd1 g6 25. Qxh6 a4 1-0

[Event "Scarborough CC Howard Ridout Swiss"]
[Site "Toronto CAN"]
[Date "2009.09.24"]
[Round "3"]
[White "Ferreira, Alex"]
[Black "Moffat, Andrei"]
[Result "0-1"]
[WhiteElo "1956"]
[BlackElo "2210"]
[PlyCount "78"]
[GameId "2160767910096784"]
[EventDate "2009.09.10"]
[EventType "swiss"]
[EventRounds "7"]
[EventCountry "CAN"]
[SourceTitle "EXT 2011"]
[Source "ChessBase"]
[SourceDate "2011.11.26"]
[SourceVersion "1"]
[SourceVersionDate "2011.11.26"]
[SourceQuality "1"]

1. e4 c5 2. Nf3 Nc6 3. d4 cxd4 4. Nxd4 Qb6 5. Nb3 Nf6 6. Nc3 e6 7. Be3 Qc7 8. a3 a6 9. Be2 Be7 10. O-O O-O 11. f4 d6 12. Bf3 b5 13. Qe1 Bb7 14. Rd1 Rac8 15. Qf2 Nd7 16. g4 Na5 17. Nxa5 Qxa5 18. e5 Bxf3 19. Qxf3 d5 20. Qe2 Rc4 21. Bd2 Qb6+ 22. Be3 Qc6 23. Rd4 Rc8 24. Ra1 Rxc3 25. bxc3 Qxc3 26. Ra2 Nc5 27. Qd2 Ne4 28. Qe2 Bc5 29. Rd3 Qc4 30. c3 Nxc3 31. Rxc3 Qxc3 32. Bxc5 Qxc5+ 33. Qf2 Qxf2+ 34. Kxf2 Rc4 35. Ke3 Kf8 36. h4 Ke7 37. h5 f6 38. exf6+ Kxf6 39. h6 g5 0-1

[Event "Scarborough CC Howard Ridout Swiss"]
[Site "Toronto CAN"]
[Date "2009.09.24"]
[Round "3"]
[White "Gillis, Doug"]
[Black "Peng, Bill"]
[Result "0-1"]
[WhiteElo "1680"]
[BlackElo "2141"]
[PlyCount "92"]
[GameId "2160767910096785"]
[EventDate "2009.09.10"]
[EventType "swiss"]
[EventRounds "7"]
[EventCountry "CAN"]
[SourceTitle "EXT 2011"]
[Source "ChessBase"]
[SourceDate "2011.11.26"]
[SourceVersion "1"]
[SourceVersionDate "2011.11.26"]
[SourceQuality "1"]

1. e4 c5 2. Nf3 d6 3. d4 cxd4 4. Qxd4 a6 5. Be3 Nc6 6. Qb6 Qxb6 7. Bxb6 Nf6 8. Nc3 Bg4 9. Be2 e6 10. O-O-O Be7 11. h3 Bxf3 12. Bxf3 Rc8 13. Be3 Nd7 14. Bf4 Nce5 15. Be2 O-O 16. Bg3 b5 17. f4 Nc4 18. h4 Rfd8 19. Rd3 Bf6 20. b3 Na3 21. e5 dxe5 22. fxe5 Bxe5 23. Bxe5 Nxe5 24. Rxd8+ Rxd8 25. Rd1 Rc8 26. b4 g6 27. Kb2 Nac4+ 28. Kb3 Ne3 29. Rd6 Rc6 30. Rd8+ Kg7 31. g3 f5 32. Rd4 h6 33. Rd8 g5 34. hxg5 hxg5 35. a3 f4 36. gxf4 gxf4 37. Bd3 f3 38. Rd4 Nxd3 39. Rd7+ Kg6 40. Ne4 f2 41. Nxf2 Nxf2 42. Rd8 Ne4 43. Rg8+ Kf7 44. Rg1 Rc3+ 45. Kb2 Rxc2+ 46. Kb3 Nd2# 0-1

[Event "Scarborough CC Howard Ridout Swiss"]
[Site "Toronto CAN"]
[Date "2009.09.24"]
[Round "3"]
[White "Krupka, David"]
[Black "Moysoski, Randy"]
[Result "1-0"]
[WhiteElo "2144"]
[BlackElo "1894"]
[PlyCount "83"]
[GameId "2160767910096786"]
[EventDate "2009.09.10"]
[EventType "swiss"]
[EventRounds "7"]
[EventCountry "CAN"]
[SourceTitle "EXT 2011"]
[Source "ChessBase"]
[SourceDate "2011.11.26"]
[SourceVersion "1"]
[SourceVersionDate "2011.11.26"]
[SourceQuality "1"]

1. d4 Nf6 2. Nf3 g6 3. c4 Bg7 4. g3 d6 5. Bg2 Nbd7 6. O-O O-O 7. Nc3 c5 8. d5 Ng4 9. Qc2 a6 10. h3 Nge5 11. Nd2 Nf6 12. a4 Qa5 13. f4 Ned7 14. Kh2 Rb8 15. Rb1 Qc7 16. Nf3 Re8 17. Bd2 e6 18. dxe6 fxe6 19. e4 e5 20. Rbe1 Nf8 21. fxe5 dxe5 22. Nd5 Qd6 23. Bc3 Nxd5 24. cxd5 b5 25. axb5 axb5 26. Ra1 b4 27. Bd2 Ba6 28. Rfc1 Nd7 29. Ng5 Bf6 30. Ne6 Rec8 31. Bf1 Bxf1 32. Rxf1 Ra8 33. Rxa8 Rxa8 34. Be3 Qa6 35. Qf2 Qd3 36. Bg5 Qxe4 37. Bxf6 c4 38. Be7 Qf5 39. Bxb4 Rc8 40. Qxf5 gxf5 41. Rxf5 h6 42. Bc3 1-0

[Event "Scarborough CC Howard Ridout Swiss"]
[Site "Toronto CAN"]
[Date "2009.09.24"]
[Round "3"]
[White "Kurkowski, Ken"]
[Black "Conte, Michael"]
[Result "0-1"]
[WhiteElo "1690"]
[BlackElo "1840"]
[PlyCount "100"]
[GameId "2160767910096787"]
[EventDate "2009.09.10"]
[EventType "swiss"]
[EventRounds "7"]
[EventCountry "CAN"]
[SourceTitle "EXT 2011"]
[Source "ChessBase"]
[SourceDate "2011.11.26"]
[SourceVersion "1"]
[SourceVersionDate "2011.11.26"]
[SourceQuality "1"]

1. d4 c6 2. c4 d5 3. Nf3 Nf6 4. e3 Bg4 5. Be2 e6 6. O-O Bd6 7. Nc3 O-O 8. b3 Nbd7 9. Bb2 Rc8 10. Rc1 Re8 11. h3 Bh5 12. Re1 a6 13. Bd3 c5 14. cxd5 cxd4 15. exd4 Nxd5 16. Nxd5 exd5 17. g4 Bg6 18. Bxg6 hxg6 19. Ne5 Nf8 20. Qf3 Bxe5 21. dxe5 Qa5 22. a3 Rxc1 23. Rxc1 Ne6 24. Rd1 Rd8 25. Kg2 Qb5 26. Kg3 d4 27. Qd3 Qxe5+ 28. Kf3 Nc5 29. Qe2 Qd5+ 30. Kg3 Qxb3+ 31. f3 d3 32. Qe5 Ne6 33. Rd2 Rc8 34. f4 Rc2 35. Rxc2 dxc2+ 36. Kh4 g5+ 37. fxg5 Qf3 38. Qb8+ Kh7 39. Qe5 Qf2+ 40. Qg3 Qc5 41. Qd3+ Kg8 42. Qd2 b5 43. Bc1 Nd4 44. Qd3 Qc4 45. Qe4 Ne2 46. Qe8+ Kh7 47. Qe3 Nxc1 48. Qxc1 Qd3 49. Qf4 Kg6 50. Qc1 Qd1 0-1

[Event "Scarborough CC Howard Ridout Swiss"]
[Site "Toronto CAN"]
[Date "2009.09.24"]
[Round "3"]
[White "Lamb, Bryan"]
[Black "Ward, Dean"]
[Result "1-0"]
[WhiteElo "2232"]
[BlackElo "1800"]
[PlyCount "53"]
[GameId "2160767910096788"]
[EventDate "2009.09.10"]
[EventType "swiss"]
[EventRounds "7"]
[EventCountry "CAN"]
[SourceTitle "EXT 2011"]
[Source "ChessBase"]
[SourceDate "2011.11.26"]
[SourceVersion "1"]
[SourceVersionDate "2011.11.26"]
[SourceQuality "1"]

1. c4 Nf6 2. Nc3 e6 3. e4 d5 4. cxd5 exd5 5. e5 Nfd7 6. d4 c6 7. Bd3 Nb6 8. Nge2 Bg4 9. O-O Be7 10. f4 f6 11. h3 Bh5 12. Qe1 fxe5 13. Ng3 Bf7 14. dxe5 d4 15. Nce4 O-O 16. f5 Bc4 17. Bxc4+ Nxc4 18. f6 gxf6 19. Bh6 fxe5 20. Nf5 Rf6 21. Nxe7+ Qxe7 22. Nxf6+ Kh8 23. Qg3 Nd7 24. Nxd7 Qxd7 25. b3 Rg8 26. Qxg8+ Kxg8 27. Rf8# 1-0

[Event "Scarborough CC Howard Ridout Swiss"]
[Site "Toronto CAN"]
[Date "2009.09.24"]
[Round "3"]
[White "Manalo, Pepin"]
[Black "Southam, David"]
[Result "0-1"]
[WhiteElo "1863"]
[BlackElo "2146"]
[PlyCount "66"]
[GameId "2160767910096789"]
[EventDate "2009.09.10"]
[EventType "swiss"]
[EventRounds "7"]
[EventCountry "CAN"]
[SourceTitle "EXT 2011"]
[Source "ChessBase"]
[SourceDate "2011.11.26"]
[SourceVersion "1"]
[SourceVersionDate "2011.11.26"]
[SourceQuality "1"]

1. e4 c5 2. Nf3 e6 3. Nc3 a6 4. a4 Nc6 5. Bc4 Nf6 6. Qe2 Qc7 7. h3 d6 8. O-O b6 9. d3 Bb7 10. Be3 Rc8 11. Rfd1 Be7 12. Rac1 O-O 13. Nb1 d5 14. exd5 exd5 15. Ba2 Rfe8 16. Qd2 Nb4 17. Bf4 Bd6 18. Bxd6 Qxd6 19. Bb3 d4 20. Nh4 Re5 21. Re1 Rh5 22. c3 Nbd5 23. Nf3 Nf4 24. Bd1 dxc3 25. Rxc3 Rd8 26. Rb3 Nxd3 27. Re3 c4 28. Ra3 Ne4 29. Rxe4 Bxe4 30. Nc3 Bc6 31. Ng5 Rh6 32. Nge4 Qe7 33. Bf3 Re6 0-1

[Event "Scarborough CC Howard Ridout Swiss"]
[Site "Toronto CAN"]
[Date "2009.09.24"]
[Round "3"]
[White "Marcille, Gord"]
[Black "Jizan, Masoud"]
[Result "1-0"]
[WhiteElo "1855"]
[BlackElo "1718"]
[PlyCount "82"]
[GameId "2160767910096790"]
[EventDate "2009.09.10"]
[EventType "swiss"]
[EventRounds "7"]
[EventCountry "CAN"]
[SourceTitle "EXT 2011"]
[Source "ChessBase"]
[SourceDate "2011.11.26"]
[SourceVersion "1"]
[SourceVersionDate "2011.11.26"]
[SourceQuality "1"]

1. e4 e5 2. Nf3 Nc6 3. Nc3 Bc5 4. Bb5 a6 5. Ba4 d6 6. Bxc6+ bxc6 7. O-O Bg4 8. h3 Bh5 9. Na4 Ba7 10. d3 Ne7 11. Be3 Bxe3 12. fxe3 O-O 13. Qe1 Qd7 14. Qh4 Bg6 15. Nc3 Rab8 16. b3 f5 17. Rad1 Qe8 18. Ng5 Qd7 19. d4 exd4 20. exd4 fxe4 21. Ncxe4 Nd5 22. Rxf8+ Rxf8 23. c4 Ne3 24. Re1 Nf5 25. Qg4 Qc8 26. d5 cxd5 27. cxd5 Qb7 28. Ne6 Rf7 29. Qg5 Re7 30. Ng3 Qb6+ 31. Kh2 Qf2 32. Nxf5 Qxe1 33. Qxe7 Qe5+ 34. Ng3 Qf6 35. Qxc7 h6 36. Qxd6 Bd3 37. Nh5 Qf2 38. Nhxg7 Kh7 39. Qe5 Bb5 40. Nh5 Bd7 41. Nf6+ Kg6 1-0

[Event "Scarborough CC Howard Ridout Swiss"]
[Site "Toronto CAN"]
[Date "2009.09.24"]
[Round "3"]
[White "Moran-Venegas, Mario"]
[Black "Al Ganabi, Haqi"]
[Result "1-0"]
[WhiteElo "1762"]
[BlackElo "1882"]
[PlyCount "93"]
[GameId "2160767910096791"]
[EventDate "2009.09.10"]
[EventType "swiss"]
[EventRounds "7"]
[EventCountry "CAN"]
[SourceTitle "EXT 2011"]
[Source "ChessBase"]
[SourceDate "2011.11.26"]
[SourceVersion "1"]
[SourceVersionDate "2011.11.26"]
[SourceQuality "1"]

1. e4 e6 2. d4 d5 3. Nc3 Nf6 4. e5 Nfd7 5. f4 c5 6. Nf3 Nc6 7. Be3 f5 8. Ng5 Nxd4 9. Bxd4 cxd4 10. Nxe6 Qb6 11. Nxd5 Bb4+ 12. c3 dxc3 13. Nxb6 c2+ 14. Qd2 Bxd2+ 15. Kxd2 Nxb6 16. Nc7+ Ke7 17. Nxa8 Nxa8 18. Kxc2 Be6 19. b3 Bd5 20. Bd3 g6 21. Rhg1 Nb6 22. g3 a5 23. Kb2 a4 24. Rgc1 Bc6 25. Bc4 Nd7 26. Rd1 Nc5 27. Bd5 Bb5 28. Kc3 Rc8 29. Kb4 Be2 30. Rd2 Nd3+ 31. Kxa4 Ra8+ 32. Kb5 Nxf4+ 33. Bc4 Bxc4+ 34. Kxc4 Rc8+ 35. Kb5 Ne6 36. Rad1 Rc7 37. Kb6 g5 38. Rd6 Rc6+ 39. Rxc6 bxc6 40. Kxc6 f4 41. gxf4 gxf4 42. a4 f3 43. a5 f2 44. a6 Nd4+ 45. Kb7 Nf3 46. Rf1 Nxe5 47. Rxf2 1-0

[Event "Scarborough CC Howard Ridout Swiss"]
[Site "Toronto CAN"]
[Date "2009.09.24"]
[Round "3"]
[White "Paterson, Jim"]
[Black "Ugodnikov, Arkadiy"]
[Result "1/2-1/2"]
[WhiteElo "1839"]
[BlackElo "1748"]
[PlyCount "59"]
[GameId "2160767910096792"]
[EventDate "2009.09.10"]
[EventType "swiss"]
[EventRounds "7"]
[EventCountry "CAN"]
[SourceTitle "EXT 2011"]
[Source "ChessBase"]
[SourceDate "2011.11.26"]
[SourceVersion "1"]
[SourceVersionDate "2011.11.26"]
[SourceQuality "1"]

1. Nf3 Nf6 2. d4 g6 3. g3 Bg7 4. Bg2 O-O 5. c4 c5 6. d5 b5 7. Nbd2 bxc4 8. Nxc4 d6 9. O-O Nbd7 10. Re1 Nb6 11. Nxb6 axb6 12. e4 Bb7 13. Qc2 Qd7 14. Bg5 b5 15. a3 Ra4 16. Nd2 Rfa8 17. Rac1 b4 18. axb4 Rxb4 19. Ra1 Rba4 20. Rxa4 Qxa4 21. Qxa4 Rxa4 22. b3 Ra2 23. Nc4 h6 24. Bxf6 Bxf6 25. f4 Bd4+ 26. Kh1 Ba6 27. e5 Bxc4 28. bxc4 Ra1 29. Rxa1 Bxa1 30. exd6 1/2-1/2